000 01269cam a2200277 a 4500
999 _c332148
_d332148
001 13027891
003 NUST
005 20171115110136.0
008 021211s2003 flua b 000 0 eng
010 _a 2002043358
020 _a1566705673 (pbk. : acidfree paper)
040 _aDLC
_cDLC
_dDLC
050 0 0 _aQD64
_b.A76 2003
082 0 0 _a628.42 ARM
_221
100 1 _aArmour, M. A.
_q(Margaret-Ann)
_96385
245 1 0 _aHazardous laboratory chemicals disposal guide /
_cMargaret-Ann Armour.
250 _a3rd ed.
260 _aBoca Raton, Fla. :
_bLewis Publishers,
_cc2003.
300 _a557 p. :
_bill. ;
_c26 cm.
500 _aP.B
504 _aIncludes bibliographical references.
650 0 _aChemical laboratories
_xWaste disposal.
_96386
650 0 _aHazardous substances.
_96387
856 4 2 _3Publisher description
_uhttp://www.loc.gov/catdir/enhancements/fy0646/2002043358-d.html
906 _a7
_bcbc
_corignew
_d1
_eocip
_f20
_gy-gencatlg
942 _2ddc
_cBK
_kIESE